Tiny Almost Useless Trivia III Quiz Stats

Quiz Updated Aug 3, 2016

Challenge
Share
Tweet
Embed
Score 0/15 Timer 02:00
100 Plays Today
Question Answer % Correct
Which planet in our solar system has the most moons?Jupiter
91.3%
What word can come before 'digger,' 'rush,' 'coast,' 'standard' or 'record?'gold
87.4%
What body of water stretches from Africa to Australia and is the southern coast of most of Asia?Indian Ocean
84.1%
What Greek mythological woman brought evil into the world when curiosity drove her to open a box?Pandora
83.9%
What musical, featuring gangs named the Sharks and the Jets, is loosely based on Romeo and Juliet?West Side Story
80.6%
Which Mark Twain title character rafts down the Mississippi with a fleeing slave named Jim?Huckleberry Finn
79%
Which Irish band features members Bono, The Edge, Adam Clayton and Larry Mullen, Jr.?U2
77.4%
Which Pixar film has the shortest title with only two letters?Up
77.1%
Question Answer % Correct
Which fast food company is also known as the Golden Arches?McDonald's
76.6%
What country hosted the 2014 FIFA World Cup?Brazil
76.1%
What is the final letter of the Greek alphabet?omega
71.2%
Cinco de Mayo is a celebration to commemorate the Battle of Puebla in 1862, which took place in what country?Mexico
71.1%
What Canadian native has hosted the show Jeopardy! since 1984?Alex Trebek
59.3%
What board game, featuring black- and white-sided circular pieces, is named after a Shakespearean title character?Othello
52%
Which French king was also known as Le Roi-Soleil, the Sun King?Louis XIV
50%

You're not logged in!

Compare scores with friends on all Sporcle quizzes.
Join for Free
OR
Log In

You Might Also Like...

Show Comments

Extras

Top Quizzes Today


Score Distribution

Your Account Isn't Verified!

In order to create a playlist on Sporcle, you need to verify the email address you used during registration. Go to your Sporcle Settings to finish the process.

Report this User

Report this user for behavior that violates our Community Guidelines.

Details: